| 000 | 00449nam a22001697a 4500 | ||
|---|---|---|---|
| 003 | OSt | ||
| 005 | 20140310182516.0 | ||
| 008 | 130221t xxu||||| |||| 00| 0 eng d | ||
| 020 | _a9780748703463 | ||
| 050 |
_aPR 2807 _b.Sh527 1990 |
||
| 100 |
_aShakespeare, William _91777 |
||
| 245 |
_aHamlet / _cShakespeare, William |
||
| 260 |
_aCheltenham : _bStanley Thornes, _cc1990. |
||
| 300 |
_a330 p. : _c19 cm. |
||
| 942 |
_2lcc _cSSLC |
||
| 999 |
_c13968 _d13968 |
||